Las cofradías en Astorga durante la Edad Media / (Record no. 187020)
[ view plain ]
| 000 -LEADER | |
|---|---|
| campo de control de longitud fija | 00884nam a2200253 i 4500 |
| 001 - NÚMERO DE CONTROL | |
| campo de control | 187020 |
| 003 - IDENTIFICADOR DE NÚMERO DE CONTROL | |
| campo de control | SpMaBN |
| 005 - FECHA Y HORA DE LA ÚLTIMA TRANSACCIÓN | |
| campo de control | 20230906222810.0 |
| 008 - DATOS DE LONGITUD FIJA--INFORMACIÓN GENERAL | |
| campo de control de longitud fija | 170329s1992 sp abeo |||| | spa d |
| 020 ## - NÚMERO INTERNACIONAL ESTÁNDAR DEL LIBRO | |
| Número Internacional Estándar del Libro | 84-7719-299-5 |
| 080 ## - NÚMERO DE LA CLASIFICACIÓN DECIMAL UNIVERSAL | |
| Número de la Clasificación Decimal Universal | 334.782(460.181 Astorga)"13/14" |
| 080 ## - NÚMERO DE LA CLASIFICACIÓN DECIMAL UNIVERSAL | |
| Número de la Clasificación Decimal Universal | 255(460.181 Astorga)"13/14" |
| 100 1# - ENTRADA PRINCIPAL--NOMBRE DE PERSONA | |
| Nombre de persona | Cavero Domínguez, Gregoria. |
| 9 (RLIN) | 37185 |
| 245 14 - MENCIÓN DEL TÍTULO | |
| Título | Las cofradías en Astorga durante la Edad Media / |
| Mención de responsabilidad, etc. | Gregoria Cavero Domínguez. |
| 260 ## - PUBLICACIÓN, DISTRIBUCIÓN, ETC. | |
| Lugar de publicación, distribución, etc. | León : |
| Nombre del editor, distribuidor, etc. | Universidad, Secretariado de Publicaciones, |
| Fecha de publicación, distribución, etc. | 1992. |
| 300 ## - DESCRIPCIÓN FÍSICA | |
| Extensión | 289 p., [1] h. pleg. : |
| Otras características físicas | il., fot., mapas, planos ; |
| Dimensiones | 24 cm. |
| 500 ## - NOTA GENERAL | |
| Nota general | Índice. |
| 500 ## - NOTA GENERAL | |
| Nota general | Apéndice documental. |
| 504 ## - NOTA DE BIBLIOGRAFÍA, ETC. | |
| Nota de bibliografía, etc. | Bibliografía: p. 23-30. |
| 650 #7 - PUNTO DE ACCESO ADICIONAL DE MATERIA--TÉRMINO DE MATERIA | |
| Término de materia o nombre geográfico como elemento de entrada | Cofradías- |
| Subdivisión geográfica | Astorga- |
| Subdivisión de forma | Historia. |
| 9 (RLIN) | 162233 |
| 650 #7 - PUNTO DE ACCESO ADICIONAL DE MATERIA--TÉRMINO DE MATERIA | |
| Término de materia o nombre geográfico como elemento de entrada | Gremios- |
| Subdivisión geográfica | Astorga. |
| 9 (RLIN) | 162234 |
| 710 2# - ENTRADA AGREGADA--NOMBRE DE ENTIDAD CORPORATIVA | |
| Nombre de entidad corporativa o nombre de jurisdicción como elemento de entrada | Universidad de León. |
| 9 (RLIN) | 7200 |
| 852 ## - LOCALIZACIÓN | |
| Ubicación | ES-MaACL |
| Número de control de estantería | L-31339 |
| Estatus retirado | Estado de pérdida | Estado de daño | No para préstamo | Biblioteca de origen | Biblioteca actual | Ubicación en estantería | Fecha de adquisición | Fuente de adquisición | Total de préstamos | Signatura topográfica completa | Código de barras | Visto por última vez | Precio de reemplazo | Tipo de ítem Koha |
|---|---|---|---|---|---|---|---|---|---|---|---|---|---|---|
| Biblioteca del Ateneo de Madrid | Biblioteca del Ateneo de Madrid | Depósito 2 | 29/03/2017 | L-31339 | 1197302 | 23/02/2023 | 23/02/2023 | Libro impreso |
